Sports Quiz

Random Sports Quiz

Arsenal's 2003-'04 invincible team Quiz Stats

 Plays Quiz not verified by Sporcle

Score 0/18 Timer 04:00
0 Plays Today
% Correct
Thierry Henry
95.2%
Robert Pires
86.3%
Jens Lehmann
84.4%
Ashley Cole
83.8%
Dennis Bergkamp
83.5%
Patrick Vieira
76.2%
Sol Campbell
74.6%
Fredrik Ljungberg
74%
Lauren Etame Mayer
65.7%
% Correct
Gilberto Silva
61%
José Antonio Reyes
60.6%
Sylvain Wiltord
60.6%
Ray Parlour
55.2%
Gaël Clichy
51.4%
Eduardo César Gaspar
47.6%
Nwankwo Kanu
46.3%
Pascal Cygan
37.8%
Kolo Touré
9.2%

You're not logged in!

Compare scores with friends on all Sporcle quizzes.
OR
Log In

Show Comments

Extras

Created Nov 14, 2010ReportNominate
Tags:2003-2004, Arsenal, invincible, team

Top Quizzes Today


Score Distribution

Your Account Isn't Verified!

In order to create a playlist on Sporcle, you need to verify the email address you used during registration. Go to your Sporcle Settings to finish the process.

Report this User

Report this user for behavior that violates our Community Guidelines.

Details: